| 000 | 00000nam##2200000za#4500 |
| 001 | 9.531220 |
| 003 | CaOODSP |
| 005 | 20210615083047 |
| 007 | ta |
| 008 | 150406|1998||||xxc||||| f|0| 0 eng|d |
| 020 | |a0-662-63776-3 |
| 040 | |aCaOODSP|beng |
| 041 | |aeng |
| 041 | |afre |
| 043 | |an-cn--- |
| 086 | 1 |aC21-27/1-1998-3 |
| 110 | 1 |aCanada. |bIndustry Canada. |
| 245 | 10|aNorth American economic integration : |b25 years backward and forward / |cby Gary C. Hufbauer and Jeffrey J. Schott. |
| 260 | |aOttawa - Ontario : |bIndustry Canada |c1998. |
| 300 | |aEnglish text, 72p. : |bgraphs, tables ; |c23 cm. |
| 490 | 1 |aCanada in the XXIst century. I, Scene setting|vNo. 3 |
| 546 | |aBilingual |
| 590 | |a99-43|b1999-10-29 |
| 690 | 07|aCanadian-American relations|2gcpds |
| 690 | 07|aEconomic policy|2gcpds |
| 690 | 07|aFree trade|2gcpds |
| 720 | 1 |aHufbauer, Gary |
| 720 | 1 |aSchott, Jeffrey J. |
| 776 | 0#|tNorth American economic integration : |w(CaOODSP)9.571949 |
| 776 | 0#|tL'intégration économique de l'Amérique du nord : |w(CaOODSP)9.602369 |
| 792 | |tL'intégration économique de l'Amérique du nord : |efre|w(CaOODSP)9.531221 |
| 830 | #0|aCanada in the XXIst century. I, Scene setting ;|vNo. 3|w(CaOODSP)9.509062 |